000 00371nam a2200133Ia 4500
005 20260328104312.0
008 260328s9999||||xx |||||||||||||| ||und||
100 _aArana, Mariano
245 0 _aEntrevistas edición especial :
_b Libro 1 /
_cMariano Arana
260 _bFacultad de Arquitectura de Uruguay- SAU
300 _a183 p.
650 _aARQUITECTOS
942 _cBK
999 _c10995
_d10995